• 首页
  • 本馆介绍
  • 公告通知
  • 最新文献
  • 馆藏检索
  • 电子资源
  • 读者导购
  • 参考咨询
  • 我的图书馆
  • 登录
  • 详细信息显示
  • 放入我的书架
  • 预约/预借图书
  • 作者相关作品
  • 分类相关作品
  • 丛书相关作品
  • 出版社相关作品

书目信息

  • 表格格式
  • 工作单格式
  • 卡片格式
题名:
环境经济综合核算的理论与实践
    
 
作者: 陈东景 著
分册:  
出版信息: 郑州   黄河水利出版社  2005
页数: 180页
开本: 21cm
丛书名:
单 册:
中图分类: F062.2
科图分类:
主题词: 环境经济--经济核算--研究 , 环境经济 , 经济核算 , 经济学--分支科学
电子资源:
ISBN: 7-80621-884-X
000 00871nam0 2200253 450
001 003005125
005 20061031170359.82
010    @a7-80621-884-X@dCNY20.00
100    @a20050119d2005 em y0chiy0110 ea
101 0  @achi
102    @aCN@b410000
105    @ay z 000yy
200 1  @a环境经济综合核算的理论与实践@9huan jing jing ji zong he he suan de li lun yu shi jian@f陈东景著
210    @a郑州@c黄河水利出版社@d2005
215    @a180页@d21cm
330    @a本书以联合国环境经济综合核算体系(SEEA)理论为指导,以我国第二大内陆河——黑河干流中游的张掖市为研究领域进行了实证研究,对内陆河流域生态经济系统管理模式进行了探讨。
606 0  @a环境经济@x经济核算@x研究
606 0  @a环境经济
606 0  @a经济核算
606 0  @a经济学@x分支科学
690    @aF062.2@v4
701  0 @a陈东景@9chen dong jing@4著
801  0 @aCN@bNLC@c20061031
905    @a10447@dF062.2@e44
    
    环境经济综合核算的理论与实践/陈东景著.-郑州:黄河水利出版社,2005
    180页;21cm
    
    
    ISBN 7-80621-884-X:CNY20.00
    本书以联合国环境经济综合核算体系(SEEA)理论为指导,以我国第二大内陆河——黑河干流中游的张掖市为研究领域进行了实证研究,对内陆河流域生态经济系统管理模式进行了探讨。
●
相关链接 在E读中查询图书 在五车中查询图书 在当当中查询图书 在豆瓣中查询图书


正题名:环境经济综合核算的理论与实践     索取号:F062.2/44         预约/预借

序号 登录号 条形码 馆藏地/架位号 状态 备注
1 0386503   203865031   第一样本阅览室/ [索取号:F062.2/44] 在馆    
2 0386504   203865040   第一借阅区/ [索取号:F062.2/44] 在馆    
3 0386505   203865059   第一借阅区/ [索取号:F062.2/44] 在馆    
4 0386506   203865068   第一借阅区/ [索取号:F062.2/44] 在馆    
5 0386507   203865077   第一借阅区/ [索取号:F062.2/44] 在馆    
唐山师范学院图书馆 欢迎您!
大连网信软件有限公司© 版权所有